00000000cam 2200000zi 4500
0019.957113
003CaOODSP
00520251208122755
006m     o  d f      
007cr |n|||||||||
008251105e202511  oncabd  ob   f000 0 fre d
020 |a9780660796246
040 |aCaOODSP|bfre|erda|cCaOODSP
043 |an-cn---
0861 |aFs70-5/2025-077F-PDF
1001 |aVanderlaan, Angelia S. M., |eauteur.
24510|aÉvaluation des menaces pour la baleine noire de l'Atlantique Nord (Eubalaena glacialis), une espèce en danger critique d'extinction / |cAngelia S.M. Vanderlaan, Shelley L.C. Lang, Milagros Sanchez, Megan J. Murphy, Olivia M. Pisano et Kate Christie.
264 1|aOttawa : |bSecrétariat canadien de consultation scientifique (SCCS), |cnovembre 2025.
264 4|c©2025
300 |a1 ressource en ligne (v, 89 pages) : |bcartes, graphiques, figures.
336 |atexte|btxt|2rdacontent/fre
337 |ainformatique|bc|2rdamedia/fre
338 |aressource en ligne|bcr|2rdacarrier/fre
4901 |aDocument de recherche, |x2292-4272 ; |v2025/077
500 |aPublié aussi en anglais sous le titre : Threat assessment for the critically endangered North Atlantic right whale (Eubalaena glacialis).
504 |aComprend des références bibliographiques (pages 61-89).
650 6|aBaleine des Basques|xConservation|zAtlantique, Côte de l' (Canada)
650 6|aFaune|xRétablissement|zAtlantique, Côte de l' (Canada)
650 6|aMammifères rares|zAtlantique, Côte de l' (Canada)
7101 |aCanada. |bMinistère des pêches et des océans. |bRégion des Maritimes, |eorganisme de publication.
7102 |aSecrétariat canadien de consultation scientifique, |eorganisme de publication.
77508|tThreat assessment for the critically endangered North Atlantic right whale (Eubalaena glacialis) / |w(CaOODSP)9.957112
830#0|aDocument de recherche (Secrétariat canadien de consultation scientifique)|v2025/077.|w(CaOODSP)9.503788
85640|qPDF|s6.24 Mo|uhttps://publications.gc.ca/collections/collection_2025/mpo-dfo/fs70-5/Fs70-5-2025-077-fra.pdf